| 000 | 01279aam a2200325 i 4500 | ||
|---|---|---|---|
| 999 |
_c38731 _d38731 |
||
| 001 | 768714001 | ||
| 003 | CO-MdFUSB | ||
| 005 | 20200811124853.0 | ||
| 007 | ta | ||
| 008 | 200811s1993 sp ade|| |||| 00| 0 spa d | ||
| 020 | _a847151897X | ||
| 040 |
_bspa. _aCO-MdFUSB _cCO-MdFUSB _dCO-MdFUSBC _erda |
||
| 041 | _aspa | ||
| 082 | 0 | 4 |
_223 _a280 _bB7421p |
| 100 | 1 |
_aBosch, Juan (1909-) _eautor |
|
| 245 | 1 | 0 |
_aPara conocer las sectas : _bpanorámica de la nueva religiosidad marginal _c/ Juan Bosch |
| 264 | 1 |
_aEstella, Navarra, España : _bVerbo Divino, _c[1993] |
|
| 264 | 4 | _c© 1993 | |
| 300 |
_a285 páginas _c; 22 cm |
||
| 336 |
_atexto _btxt _2rdacontent |
||
| 337 |
_2rdamedia _asin mediación _bn |
||
| 338 |
_2rdacarrier _avolumen _bnc |
||
| 490 | _aPara leer, comprender, vivir. | ||
| 504 | _aIncluye referencias bibliográficas (páginas 237-245) | ||
| 505 | _aLa difícil cuestión de la terminología. -- ¿Por qué tantas sectas? -- Tipología de las sectas y NMR. -- La actividad de las sectas y NMR. -- El diálogo con las sectas. -- Las sectas y NMR en España. -- Las sectas y NMR en América Latina. -- La pastoral ante las sectas. -- Para seguir reflexionando. | ||
| 563 | _aRústico | ||
| 650 | 7 |
_9385 _aReligión |
|
| 942 | _cBK | ||
| 945 | _aJTF-925 | ||